FACILITY LAYOUT AND LOCATION AN ANALYTIC (Record no. 3405)

MARC details
000 -LEADER
fixed length control field 00378nam a2200145Ia 4500
008 - FIXED-LENGTH DATA ELEMENTS--GENERAL INFORMATION
fixed length control field 240624s9999 xx 000 0 und d
041 ## - LANGUAGE CODE
Language code of text/sound track or separate title eng
082 ## - DEWEY DECIMAL CLASSIFICATION NUMBER
Classification number 658.2 FRA
100 ## - MAIN ENTRY--PERSONAL NAME
Personal name FRANCIS RICHARD L
245 ## - TITLE STATEMENT
Title FACILITY LAYOUT AND LOCATION AN ANALYTIC
250 ## - EDITION STATEMENT
Edition statement (2nd ed.)
260 ## - PUBLICATION, DISTRIBUTION, ETC.
Date of publication, distribution, etc. 2002
Place of publication, distribution, etc. New Delhi
Name of publisher, distributor, etc. Prentice-Hall
300 ## - PHYSICAL DESCRIPTION
Extent xvi, : 589 : p. : cm. ; 25
365 ## - TRADE PRICE
Currency code RS
Holdings
Withdrawn status Lost status Damaged status Not for loan Home library Current library Shelving location Date acquired Source of acquisition Cost, normal purchase price Full call number Barcode Date last seen Copy number Price effective from Koha item type
  Missing     IMTN IMTN Rack 25-B 02/17/2006 WBD 295.00 658.2 FRA 3405 06/24/2024 1 06/24/2024 Books
Designed & Maintained by: LRC IMT Nagpur Contact: lrc@imtnag.ac.in© 2024. All Rights Reserved.